UBT Library

PeopleSoft developer's guide for PeopleTools & PeopleCode / (Record no. 430)

000 -LEADER
fixed length control field 00573nam a22001937a 4500
005 - DATE AND TIME OF LATEST TRANSACTION
control field 20140314095507.0
008 - FIXED-LENGTH DATA ELEMENTS--GENERAL INFORMATION
fixed length control field 081205s2009 nyua b 001 0 eng
020 ## - INTERNATIONAL STANDARD BOOK NUMBER
International Standard Book Number 9780071496629
080 ## - UNIVERSAL DECIMAL CLASSIFICATION NUMBER
Universal Decimal Classification number 005.3
100 1# - Rafti
Rafti Doolittle, Judi.
245 10 - TITLE STATEMENT
Title PeopleSoft developer's guide for PeopleTools & PeopleCode /
Statement of responsibility, etc Judi Doolittle.
250 ## -
-- 1 st.ed.;
260 ## -
-- New York :
-- McGraw-Hill,
-- 2009.
300 ## -
-- 572 f. :
-- me il.;
-- 23 cm.
500 ## -
-- Përfshin indeksin f. 563-572
650 #0 -
-- Programet e kompjuterit
650 #0 -
-- Analiza e sistemeve
942 ## - ADDED ENTRY ELEMENTS (KOHA)
Source of classification or shelving scheme
Item type Books
Holdings
Withdrawn status Lost status Source of classification or shelving scheme Damaged status Not for loan Collection code Permanent location Current location Shelving location Date acquired Total Checkouts Full call number Barcode Date last seen Price effective from Koha item type
          Koleksioni i përgjithshem UBT - Ferizaj UBT - Ferizaj Koleksioni i përgjithshem 03/14/2014   005.3 DOO 003000241 03/14/2014 03/14/2014 Books
          Koleksioni i përgjithshem UBT - Ferizaj UBT - Ferizaj Koleksioni i përgjithshem 03/14/2014   005.3 DOO 003000242 03/14/2014 03/14/2014 Books
          Koleksioni i përgjithshem UBT - Ferizaj UBT - Ferizaj Koleksioni i përgjithshem 03/14/2014   005.3 DOO 003000243 03/14/2014 03/14/2014 Books
          Koleksioni i përgjithshem UBT - Ferizaj UBT - Ferizaj Koleksioni i përgjithshem 03/14/2014   005.3 DOO 003000244 03/14/2014 03/14/2014 Books
          Koleksioni i përgjithshem UBT - Ferizaj UBT - Ferizaj Koleksioni i përgjithshem 03/14/2014   005.3 DOO 003000245 03/14/2014 03/14/2014 Books
          Koleksioni i përgjithshem UBT - Ferizaj UBT - Ferizaj Koleksioni i përgjithshem 03/14/2014   005.3 DOO 003000246 03/14/2014 03/14/2014 Books
          Koleksioni i përgjithshem UBT - Ferizaj UBT - Ferizaj Koleksioni i përgjithshem 03/14/2014   005.3 DOO 003000247 03/14/2014 03/14/2014 Books
          Koleksioni i përgjithshem UBT - Ferizaj UBT - Ferizaj Koleksioni i përgjithshem 03/14/2014   005.3 DOO 003000248 03/14/2014 03/14/2014 Books
          Koleksioni i përgjithshem UBT - Ferizaj UBT - Ferizaj Koleksioni i përgjithshem 03/14/2014   005.3 DOO 003000249 03/14/2014 03/14/2014 Books
          Koleksioni i përgjithshem UBT - Ferizaj UBT - Ferizaj Koleksioni i përgjithshem 03/14/2014   005.3 DOO 003000250 03/14/2014 03/14/2014 Books
UBT Library © 2015-2024. All rights reserved University Education for Business and Technology